=LDR 00000nam 2200000 4500 =001 NUTBA000000000006225 =005 20141126142348.0 =006 =007 =008 =020 ##$$a 979-692-487-0 =035 ##$$a 0010-111400000000704 =040 ##$$a NBPDMAT =082 ##$$a 551.465 095 98 =090 ##$$a 551.465 095 98 $b Aly k =100 ##$$a Alya Nur Fanziah =245 ##$$a Kehidupan laut Indonesia / $c Alya Nur Fauziah =260 ##$$a Bandung : $b Remaja Rosdakarya, $c 2007 =300 ##$$a ... jil : $b ilus. ; $c 28 cm. =650 ##$$a Laut Indonesia =990 ##$$a 21417624 =990 ##$$a 21417622 =990 ##$$a 21417623 =990 ##$$a 21417625 =990 ##$$a 21417626